000 00353nam a2200145 a 4500
003 MO
005 20170315113801.0
008 100923s19uu xx 00 eng d
050 _aTR
_bSn9 1967
100 _aSnyder, Zilpha Keatley
245 _aThe Egypt game.
260 _aNew York :
_bA Yearling Book,
_c1967.
942 _2ddc
_cBK
999 _c110859
_d110859